Microwave engineering: passive circuits (Record no. 176507)

000 -LEADER
fixed length control field 00383nam a2200133Ia 4500
008 - FIXED-LENGTH DATA ELEMENTS--GENERAL INFORMATION
fixed length control field 220217s9999||||xx |||||||||||||| ||und||
020 ## - INTERNATIONAL STANDARD BOOK NUMBER
International Standard Book Number 978-81-317-1540-6
082 ## - DEWEY DECIMAL CLASSIFICATION NUMBER
Classification number 621.381 3 RIZ
100 ## - MAIN ENTRY--PERSONAL NAME
Personal name Rizzi, Peter, A
245 #0 - TITLE STATEMENT
Title Microwave engineering: passive circuits
260 ## - PUBLICATION, DISTRIBUTION, ETC.
Place of publication, distribution, etc. Pearson education asia
Name of publisher, distributor, etc. New Delhi
Date of publication, distribution, etc. 2008
300 ## - PHYSICAL DESCRIPTION
Other physical details 265
650 ## - SUBJECT ADDED ENTRY--TOPICAL TERM
Topical term or geographic name entry element MICROWAVE ENGINEERING
Holdings
Withdrawn status Lost status Damaged status Not for loan Collection code Home library Current library Shelving location Date acquired Full call number Barcode Date last seen Price effective from Koha item type
        Electronics and Communication Engineering Central Library Central Library Reference 02/18/2022 621.381 3 RIZ 11696 02/18/2022 02/18/2022 Books

Powered by Koha